Využitie miniaturizovaných fermentačných techník pre mikrobiálne skríningy diplomová práca

Na minha lista:
Detalhes bibliográficos
Autor principal: Mokráňová, Lenka
Formato: Livro
Idioma:eslovaco
Publicado em: Bratislava STU FCHPT 2017
Acesso em linha:View in OPAC
Tags: Adicionar Tag
Sem tags, seja o primeiro a adicionar uma tag!

MARC

LEADER 00000nam a2200000 a 4500
005 20260127134203.0
008 170626 2017 xo 001 0 slo d
035 |a vtls011699082 
039 9 |y 201706260952  |z mschk03 
040 |a STUSCHK1  |b slo  |c STUSCHK1  |e AACR2 
100 1 |a Mokráňová, Lenka 
245 1 |a Využitie miniaturizovaných fermentačných techník pre mikrobiálne skríningy  |b diplomová práca  |c Lenka Mokráňová 
260 |a Bratislava  |b STU FCHPT  |c 2017 
300 |a 107 s.  |b il.  |c 25 cm 
500 |a Študijný program: biotechnológia 
500 |a Študijný odbor: biotechnológie 
500 |a Školiace pracovisko: Ústav biotechnológie 
500 |a Evid. číslo: FCHPT-5421-60426 
910 |a SCHK95 
999 |c 6151  |d 6151